Normal view
MARC view
Entry Topical Term
001 - CONTROL NUMBER
- control field: 27768
003 - CONTROL NUMBER IDENTIFIER
- control field: ARRUPE
005 - DATE AND TIME OF LATEST TRANSACTION
- control field: 20161201111247.0
008 - FIXED-LENGTH DATA ELEMENTS
- fixed length control field: 161201|| aca||aabn | a|a d
040 ## - CATALOGING SOURCE
- Original cataloging agency: ARRUPE
- Transcribing agency: ARRUPE
150 ## - HEADING--TOPICAL TERM
- Topical term or geographic name as entry element: Communism and mass media
- Geographic subdivision: Tanzania.
670 ## - SOURCE DATA FOUND
- Source citation: Work cat.: (ARRUPE)0: Ng'wanakilala, Nkwabi. 27767, Mass communication and development of socialism in Tanzania /, c1981.